1795 1484 1919 1730 1868 1762 1345 1887 1633 1678 1800 1701 1957 1120 1666 1895 1677 1313 1989 1704 1250 1688 1598 1869 1633 1672 1557 1920 1494 1574 1110 1620 1847 1384 1975 1692 1553 1820 1955 1381 1234 1021 1425 1303 1980 1078 1345 1879 1631 1027 1349 1831 1098 1052 1337 1641 1487 1362 1602 1831 1542 1673 1608 1079 1814 1844 1826 1064 1324 1977 1552 1233 1279 1951 1260 1464 1691 1690 1688 1537 1876 1664 1055 1625 1847 1041 1219 1436 1870 1381 1167 1933 1982 1156 1392 1171 1075 1970 1564 BCNSPRNW ULIB Ver.6.0+V

เปลี่ยนเป็นภาษาไทย

Change to English
 แสดงรายละเอียดบรรณานุกรม
  กลับหน้าหลัก

Brief Record : Get Marc (ISO 2709) : E-mail record : QR code < ปิดหน้าต่าง
LEADER : 00000nam 2200000uu 4500
001    13399128316
003     ULIB
008    230607s2562||||th 000 0 tha d
020    ^a9786164432376
060 04 ^aWS366^bส873ย
245 00 ^aยาในเด็ก /^cบรรณาธิการ, สุวรรณา เรืองกาญจนเศรษฐ์
250    ^aเรียบเรียงครั้งที่ 4 (พิมพ์ครั้งที่ 1, 2562)
260    ^aกรุงเทพฯ :^bภาควิชากุมารเวชศาสตร์คณะแพทยศาสตร์โรงพยาบาลรามาธิบดี มหาวิทยาลัยมหิดล,^c2562
300    ^aก-ผ, 235 หน้า ;^c18 ซม.
650  0 ^aDrugs^xDosage
650  2 ^aDrug Utilization
650  4 ^aการใช้ยา^xในวัยทารกและวัยเด็ก
650  4 ^aยา^xการใช้และขนาด^xในวัยทารกและวัยเด็ก
700 0  ^aสุวรรณา เรืองกาญจนเศรษฐ์,^eบรรณาธิการ
710 2  ^aมหาวิทยาลัยมหิดล.^bคณะแพทยศาสตร์โรงพยาบาลรามาธิบดี.^bภาควิชากุมารเวชศาสตร์
945    ^p250^l0^i009581
945    ^p250^l0^i009582
945    ^p250^l0^i009584
945    ^p250^l0^i009585
945    ^p250^l0^i009586
999    ^aประนอม เกษจรัล
รายการนี้ยังไม่มีแท็ก
คุณยังไม่ได้ล็อกอิน คุณสามารถมีกิจกรรมร่วมกับเว็บไซต์ได้ แต่ต้องล็อกอินก่อน ::
  ล็อกอิน

รายการสื่อสารสนเทศ

ลำดับที่ ประเภท เลขเรียก/บาร์โค้ด สถานที่ สถานะ
1. วิทยาศาสตร์การแพทย์ และสุขภาพ
หนังสือสำรอง
สถานะ=หนังสือสำรอง
WS366 ส873ย ฉ.1 
  Barcode: 009581
ห้องสมุดวิทยาเขตสวรรค์ประชารักษ์
►หนังสือทั่วไป
บนชั้น
2. วิทยาศาสตร์การแพทย์ และสุขภาพ
วิทยาศาสตร์การแพทย์ และสุขภาพ
WS366 ส873ย ฉ.2 
  Barcode: 009582
ห้องสมุดวิทยาเขตสวรรค์ประชารักษ์
►หนังสือทั่วไป
บนชั้น
3. วิทยาศาสตร์การแพทย์ และสุขภาพ
วิทยาศาสตร์การแพทย์ และสุขภาพ
WS366 ส873ย ฉ.3 
  Barcode: 009584
ห้องสมุดวิทยาเขตสวรรค์ประชารักษ์
►หนังสือทั่วไป
บนชั้น
4. วิทยาศาสตร์การแพทย์ และสุขภาพ
วิทยาศาสตร์การแพทย์ และสุขภาพ
WS366 ส873ย ฉ.4 
  Barcode: 009585
ห้องสมุดวิทยาเขตสวรรค์ประชารักษ์
►หนังสือทั่วไป
บนชั้น
5. วิทยาศาสตร์การแพทย์ และสุขภาพ
วิทยาศาสตร์การแพทย์ และสุขภาพ
WS366 ส873ย ฉ.5 
  Barcode: 009586
ห้องสมุดวิทยาเขตสวรรค์ประชารักษ์
►หนังสือทั่วไป
ถูกยืม กำหนดส่งวันที่ 1 กันยายน 2567
  จอง

รายการใกล้เคียง
    หัวเรื่อง [Drug Utilization]

BibComment


ยังไม่เคยถูกคอมเมนท์

คอมเมนท์ทรัพยากรรายการนี้
  คอมเมนท์: ยาในเด็ก บรรณาธ..


 Copyright 2026. Bcnsprnw @Library